| 000 | 00403 a2200169 4500 | ||
|---|---|---|---|
| 001 | 72001 | ||
| 020 | _a | ||
| 040 | _cAnchieta - Colégio São Paulo | ||
| 100 | _aMott, Odette de Barros | ||
| 240 | 1 | 0 |
_aA estória dos dois peruzinhos _lpor |
| 245 | 1 | 0 | _aA estória dos dois peruzinhos |
| 300 | _a98 | ||
| 362 | 0 | _a1986 | |
| 440 | 1 | _aPaulinas | |
| 650 | 4 | _aLiteratura infanto-juvenil | |
| 942 | _cBK | ||
| 999 |
_c72001 _d72001 |
||